Geography Quiz

Random Geography or City Quiz

States by Most Populous City Quiz Stats

 Plays Quiz Updated Mar 11, 2016

Challenge
Share
Tweet
Score 0/50 Timer 10:00
4 Plays Today
% Correct
California
91.6%
Texas
91.4%
Hawaii
90.6%
Washington
90.1%
Nevada
90%
New York
89.3%
Louisiana
88.9%
Alaska
88.3%
Arizona
88.3%
Georgia
88%
Pennsylvania
87.9%
Oklahoma
87.3%
Tennessee
86.9%
Utah
86.8%
Illinois
86.7%
Michigan
86.6%
New Mexico
86.2%
Indiana
85.8%
Massachusetts
85.5%
Colorado
85.5%
Minnesota
85.1%
Virginia
84.5%
Idaho
84.4%
Ohio
84.2%
Florida
84%
% Correct
Maryland
83.2%
Oregon
82.8%
Wisconsin
82.6%
New Jersey
82.4%
Kentucky
82%
Arkansas
81.8%
Rhode Island
81.6%
North Carolina
81.4%
Iowa
80.6%
Alabama
80.1%
Nebraska
79.6%
Kansas
79.5%
Mississippi
79.5%
North Dakota
79.3%
Wyoming
78.7%
Montana
76.2%
South Carolina
74.4%
South Dakota
74.1%
Missouri
71.9%
New Hampshire
70.3%
Maine
70.1%
Connecticut
69.8%
Vermont
68.7%
Delaware
61.3%
West Virginia
53.8%

You're not logged in!

Compare scores with friends on all Sporcle quizzes.
Join for Free
OR
Log In

You Might Also Like...

Show Comments

Extras

Top Quizzes Today


Score Distribution

Your Account Isn't Verified!

In order to create a playlist on Sporcle, you need to verify the email address you used during registration. Go to your Sporcle Settings to finish the process.

Report this User

Report this user for behavior that violates our Community Guidelines.

Details: